Lateinisches etymologisches wörterbuch.

Guardat en:
Dades bibliogràfiques
Autor principal: Walde, A (Autor)
Format: Llibre
Idioma:anglès
Publicat: Heidelberg, Deutschland: Carl Winter, 1965.
Edició:Vierte auflage.
Col·lecció:Indogermanische bibliothek.
Matèries:
Etiquetes: Afegir etiqueta
Sense etiquetes, Sigues el primer a etiquetar aquest registre!

MARC

LEADER 00000nam a22000007a 4500
003 CL-VaPUC
005 20220822114837.0
008 220808t1965 ||||| |||| 00| 0 eng d
999 |c 438119  |d 438117 
040 |c Pontificia Universidad Católica de Valparaíso 
082 7 |a 472 WAL 1965  |2 22 
100 1 |a Walde, A  |e author  |9 875107 
245 |a Lateinisches etymologisches wörterbuch. 
250 |a Vierte auflage.  |b (cuarta edición) 
260 |a Heidelberg, Deutschland:  |b Carl Winter,   |c 1965. 
300 |a 2 volúmenes. 
490 |a Indogermanische bibliothek. 
500 |a c.1 Donación Familia Prof. Alejandro Guzmán Brito. 
505 |a Erster Band. A-L.  
583 |c 20220808  |k Cristina María Rojas Aguilar 
650 |a Latín   |x Etimología   |x Diccionarios   |9 875108 
942 |2 ddc  |c BK  |n 0 
952 |0 0  |1 0  |2 ddc  |4 0  |6 472_000000000000000_WAL_1965  |7 0  |8 C_AGB  |9 586001  |a BIBDER  |b BIBDER  |d 2022-08-08  |e Donación   |h B.I  |i 5653990  |o 472 WAL 1965  |p 5653990  |r 2023-01-25  |t 1  |w 2022-08-08  |y BK_US  |k AGB